Income taxation in Zambia : (incorporating 1994 income tax (Amendment) Act (Record no. 76464)

MARC details
000 -LEADER
fixed length control field 01138nam a2200205 a 4500
008 - FIXED-LENGTH DATA ELEMENTS--GENERAL INFORMATION
fixed length control field 120416s1994 ||||||||||||||||| || u
050 ## - LIBRARY OF CONGRESS CALL NUMBER
Classification number HJ 4790.6 Kam
100 ## - MAIN ENTRY--PERSONAL NAME
Personal name Kamanga, Micheal D
245 10 - TITLE STATEMENT
Title Income taxation in Zambia : (incorporating 1994 income tax (Amendment) Act
260 ## - PUBLICATION, DISTRIBUTION, ETC.
Place of publication, distribution, etc. Lusaka
Name of publisher, distributor, etc. ZCAS
Date of publication, distribution, etc. 1994
300 ## - PHYSICAL DESCRIPTION
Extent viii, 246 pages : illustrations
350 ## -
-- 0.00
650 ## - SUBJECT ADDED ENTRY--TOPICAL TERM
Topical term or geographic name entry element INCOME TAX--LAW AND LEGISLATION--ZAMBIA--PROBLEMS, EXERCISES, ETC
650 ## - SUBJECT ADDED ENTRY--TOPICAL TERM
Topical term or geographic name entry element TAXATION
650 ## - SUBJECT ADDED ENTRY--TOPICAL TERM
Topical term or geographic name entry element INCOME TAX--LAW AND LEGISLATION--ZAMBIA
995 ## -
-- SPECIAL COLLECTIONS
-- 0.00
-- 726772
-- CBU-MAIN LIBRARY (Kitwe)
-- 3
-- 8000.00
-- ZAM HJ 4790.6 KAM
-- 1
-- AVAILABLE
-- 024164
-- Zambiana Collection
995 ## -
-- SHORT LOAN BOOKS
-- 0.00
-- 726770
-- CBU-MAIN LIBRARY (Kitwe)
-- 1
-- 8000.00
-- HJ 4790.6 Kam
-- 3
-- AVAILABLE
-- 007905
-- Short Loan Collection
995 ## -
-- BINDERY (DAMAGED)
-- 0.00
-- 726773
-- CBU-MAIN LIBRARY (Kitwe)
-- 1
-- 0.00
-- HJ 4790.6 Kam
-- 5
-- DAMAGED
-- Sep 5, 2008
-- 007903
-- Main Library Open Access Collection
995 ## -
-- SHORT LOAN BOOKS
-- 0.00
-- 726769
-- CBU-MAIN LIBRARY (Kitwe)
-- 2
-- 8000.00
-- HJ 4790.6 Kam
-- 2
-- AVAILABLE
-- 46637
-- Short Loan Collection
999 ## -
-- 76464
-- 76464
Holdings
Withdrawn status Lost status Source of classification or shelving scheme Damaged status Not for loan Permanent Location Current Location Shelving location Date acquired Total Checkouts Full call number Barcode Date last seen Copy number Price effective from Koha item type
          CBU-MAIN LIBRARY, KITWE. CBU-MAIN LIBRARY, KITWE.   04/25/2023   HJ 4790.6 Kam 024164 04/25/2023 1 04/25/2023 SPECIAL COLLECTION
          CBU-MAIN LIBRARY, KITWE. CBU-MAIN LIBRARY, KITWE.   04/25/2023   HJ 4790.6 Kam 007905 04/25/2023 2 04/25/2023 SHORT LOAN COLLECTION
          CBU-MAIN LIBRARY, KITWE. CBU-MAIN LIBRARY, KITWE.   04/25/2023   HJ 4790.6 Kam 007903 04/25/2023 3 04/25/2023 MONOGRAPH
          CBU-MAIN LIBRARY, KITWE. CBU-MAIN LIBRARY, KITWE.   04/25/2023   HJ 4790.6 Kam 46637 04/25/2023 4 04/25/2023 SHORT LOAN COLLECTION